10 Country Deduction Puzzle #2 - Statistics

General Stats
  • This quiz has been taken 5,731 times
  • The average score is 6 of 10
Answers on the Map
Answers color-coded by a green-red scale on the quiz's map according to % correct below.
 
Answer Stats
Answer % Correct
Argentina
91%
Australia
83%
South Africa
71%
Indonesia
67%
Costa Rica
65%
Romania
53%
Iceland
44%
Bhutan
38%
El Salvador
37%
Bahrain
26%
No matching quizzes found
Score Distribution
Percent of People with Each Score
Percentile by Number Answered
Your Score History
You have not taken this quiz